000 00630nam a22002057i 4500
999 _c22817
_d22817
003 AR-CdUCM
008 240327b20202020pe ||||| |||| 00| 0 spa d
020 _a978-612-4436-32-1
040 _aMUNICIPALIDAD PROVINCIAL DEL CUSCO
_cBIBLIOTECA MUNICIPAL DEL CUSCO
041 _hspa
082 _2Lima :
_a869.56 / Z87M6
_bZ87M6
100 _aZorrilla, Zein
_948498
245 _aEl Mestizo de los Andes y su Destino :
_bBreviario /
260 _aLima :
_bLluvia Editores,
_c2020
300 _a63 páginas. :
_c24 cm.
505 _aBreviario
856 _fwww.lluviaeditores.com
942 _2ddc
_cLIBROS
945 _apbj
_d27-03-2024